Elektronische Rechenanlagen

Enregistré dans:
Détails bibliographiques
Format: Publication en série
Publié: 1974
Tags: Ajouter un tag
Pas de tags, Soyez le premier à ajouter un tag!

MARC

LEADER 00000nas a22000003a 4500
001 stu66275
005 20141121232700.8
008 011106s1974----------------------------d
040 |a STU  |b slo 
041 0
245 |a Elektronische Rechenanlagen 
260 |c 1974 
500 |a 1-6 
500 |a 6 
500 |a 1974 
773 0 |t Elektronische Rechenanlagen  |w stu_us_cat*stu66272  |7 nnas 
996 |d Roč. 16, 1974  |v Roč. 16  |y 1974  |l II680  |s A  |a 24  |w stu66275_0001